| 000 | 00491cam a22001814a 4500 | ||
|---|---|---|---|
| 005 | 20250605164150.0 | ||
| 008 | 250528s ||||||||||||||||||||||||d | ||
| 035 | _a19348 | ||
| 020 | _a9602281235 | ||
| 040 |
_aGR-AtMCL _bgre _dGR-AtMCL _eAACR2 |
||
| 245 | 1 | _aΗ Ζωή Μου και η Ψυχανάλυση / Σίγκμουντ Φροϋντ | |
| 260 |
_bΔαμιανός, _c1986 |
||
| 300 | _a96 | ||
| 700 | 1 |
_aFreud Sigmund _9241 |
|
| 942 | _cBK | ||
| 999 |
_c4607 _d4607 |
||